[Event "FRA-chT U20 1112"]
[Site "France"]
[Date "2011.12.18"]
[Round "5"]
[White "Malandre, Lucie"]
[Black "Casner, Theo"]
[Result "0-1"]
[WhiteElo "1090"]
[BlackElo "1400"]
[PlyCount "118"]
[EventDate "2011.12.03"]
[EventType "team-swiss"]
[EventRounds "7"]
[EventCountry "FRA"]
[SourceTitle "EXT 2013"]
[Source "ChessBase"]
[SourceDate "2012.11.22"]
[SourceVersion "1"]
[SourceVersionDate "2012.11.22"]
[SourceQuality "1"]

1. d4 Nf6 2. c4 g6 3. Nc3 Bg7 4. Nf3 0-0 5. Bf4 d6 6. e3 Re8 7. Be2 Nbd7 8. 0-0 c5 9. d5 Ng4 10. Ne4 Nge5 11. Nfd2 Rb8 12. b3 a6 13. a4 b6 14. Bg5 Qc7 15. f4 f6 16. fxe5 fxg5 17. Nxg5 Nxe5 18. Bh5 h6 19. Ne6 Bxe6 20. dxe6 gxh5 21. Qxh5 Rf8 22. Ne4 Rxf1+ 23. Rxf1 Rf8 24. Rf5 Rxf5 25. Qxf5 Qc8 26. h3 Qf8 27. Qh5 Qc8 28. g4 Qxe6 29. Qe8+ Bf8 30. g5 Qf7 31. Qxf7+ Kxf7 32. Kf2 Nd3+ 33. Kf3 hxg5 34. Nxg5+ Kf6 35. Ne4+ Kg6 36. Kg4 Ne5+ 37. Kg3 Bh6 38. h4 Bxe3 39. a5 bxa5 40. Nc3 e6 41. Nd1 Bd4 42. Kf4 Nc6 43. b4 axb4 44. Kg4 a5 45. h5+ Kh6 46. Kh4 a4 47. Ne3 Bxe3 48. Kg4 a3 49. Kh4 a2 50. Kg4 a1Q 51. Kf3 Bd4 52. Ke4 Qb1+ 53. Kf4 e5+ 54. Kg4 Qe4+ 55. Kg3 Qf4+ 56. Kg2 Kxh5 57. Kh3 Qg4+ 58. Kh2 Kh4 59. Kh1 Qg1# 0-1

[Event "FRA-chT U20 1112"]
[Site "France"]
[Date "2011.12.04"]
[Round "2.6"]
[White "Strohl, Gregoire"]
[Black "Malandre, Lucie"]
[Result "1-0"]
[WhiteElo "1592"]
[BlackElo "1090"]
[PlyCount "75"]
[EventDate "2011.12.03"]
[EventType "team-swiss"]
[EventRounds "7"]
[EventCountry "FRA"]
[SourceTitle "EXT 2013"]
[Source "ChessBase"]
[SourceDate "2012.11.22"]
[SourceVersion "1"]
[SourceVersionDate "2012.11.22"]
[SourceQuality "1"]

1. e4 e6 2. d4 d5 3. Nd2 Nf6 4. e5 Nfd7 5. Bd3 g6 6. Ndf3 Bg7 7. Ne2 0-0 8. 0-0 Nc6 9. c3 Qe7 10. a4 Na5 11. b3 a6 12. Ba3 Qd8 13. Bxf8 Bxf8 14. b4 Nc6 15. Qb3 b6 16. c4 Bg7 17. cxd5 exd5 18. Qxd5 Nxb4 19. Qxa8 Nxd3 20. Qe4 Nb4 21. Rad1 Bb7 22. Qxb7 Qe8 23. Qxc7 Nd5 24. Qd6 Ne7 25. e6 Nc8 26. exd7 Nxd6 27. dxe8Q+ Nxe8 28. d5 h6 29. d6 Nf6 30. d7 Nxd7 31. Rxd7 b5 32. axb5 axb5 33. Rb1 b4 34. Rxb4 Kh7 35. Rxf7 h5 36. Rbb7 Kh6 37. Rxg7 h4 38. Rh7# 1-0

[Event "FRA-chT U20 16 GP Basse 1011"]
[Site "France"]
[Date "2011.06.12"]
[Round "10"]
[White "Kantzer, Romain"]
[Black "Malandre, Lucie"]
[Result "1-0"]
[WhiteElo "1460"]
[BlackElo "1090"]
[PlyCount "27"]
[EventDate "2010.06.20"]
[EventType "team-tourn"]
[EventRounds "11"]
[EventCountry "FRA"]
[SourceTitle "EXT 2015"]
[Source "ChessBase"]
[SourceDate "2014.11.20"]
[SourceVersion "1"]
[SourceVersionDate "2014.11.20"]
[SourceQuality "1"]
[WhiteTeam "Bischwiller (U20)"]
[BlackTeam "Lyon (U20)"]
[WhiteTeamCountry "FRA"]
[BlackTeamCountry "FRA"]

1. e4 e5 2. Nf3 Nc6 3. Bc4 Nf6 4. Ng5 d5 5. exd5 Na5 6. Bb5+ c6 7. dxc6 bxc6 8. Qf3 h6 9. Ne4 Nxe4 10. Qxe4 Rb8 11. Ba4 Rb4 12. Bxc6+ Nxc6 13. Qxc6+ Bd7 14. Qc3 1-0

[Event "FRA-chTA U20 1011"]
[Site "France"]
[Date "2010.12.19"]
[Round "7.9"]
[White "Lary, Damien"]
[Black "Malandre, Lucie"]
[Result "1-0"]
[WhiteElo "1410"]
[BlackElo "1009"]
[PlyCount "64"]
[EventDate "2010.11.21"]
[EventType "team-tourn"]
[EventRounds "7"]
[EventCountry "FRA"]
[SourceTitle "EXT 2012"]
[Source "ChessBase"]
[SourceDate "2011.11.24"]
[SourceVersion "1"]
[SourceVersionDate "2011.11.24"]
[SourceQuality "1"]
[WhiteTeam "Grenoble"]
[BlackTeam "Lyon"]
[WhiteTeamCountry "FRA"]
[BlackTeamCountry "FRA"]

1. e4 e5 2. Nf3 Nc6 3. Bc4 d6 4. Nc3 Bg4 5. h3 Bd7 6. d3 a6 7. Ng5 h6 8. Nxf7 Qf6 9. Nxh8 0-0-0 10. Bxg8 d5 11. exd5 Bc5 12. 0-0 Ne7 13. Be6 Bxe6 14. dxe6 Rxh8 15. Ne4 Qxe6 16. Nxc5 Qd5 17. Be3 b6 18. c4 Qc6 19. Qg4+ Kb8 20. Nd7+ Kc8 21. Nxe5+ Kb7 22. Nxc6 Nxc6 23. Qxg7 Rd8 24. Bf4 Rc8 25. Rfe1 Nd8 26. Re7 a5 27. Rxc7+ Rxc7 28. Qxc7+ Ka6 29. Qxd8 b5 30. cxb5+ Kxb5 31. Rc1 a4 32. Qd6 Ka5 1-0

[Event "FRA-chTA U20 1011"]
[Site "France"]
[Date "2010.12.19"]
[Round "5.8"]
[White "Malandre, Lucie"]
[Black "Di Frenna, Oscar"]
[Result "1-0"]
[WhiteElo "1009"]
[BlackElo "1009"]
[PlyCount "36"]
[EventDate "2010.11.21"]
[EventType "team-tourn"]
[EventRounds "7"]
[EventCountry "FRA"]
[SourceTitle "EXT 2012"]
[Source "ChessBase"]
[SourceDate "2011.11.24"]
[SourceVersion "1"]
[SourceVersionDate "2011.11.24"]
[SourceQuality "1"]
[WhiteTeam "Lyon"]
[BlackTeam "Montpellier"]
[WhiteTeamCountry "FRA"]
[BlackTeamCountry "FRA"]

1. e4 e5 2. Bb5 Nf6 3. Qf3 Bb4 4. Ne2 0-0 5. 0-0 Re8 6. Bc4 d6 7. d3 Bg4 8. Qe3 Nbd7 9. h3 Bh5 10. Nbc3 Nc5 11. g4 Nxg4 12. hxg4 Bxg4 13. Qg3 Qg5 14. Nd5 Rad8 15. Nxc7 Re7 16. Nd5 Re6 17. Nxb4 Rh6 18. Bxg5 Rh3 1-0